| 000 | 00807nam a2200241Ia 4500 | ||
|---|---|---|---|
| 003 | OSt | ||
| 005 | 20221006164547.0 | ||
| 006 | a|||||r|||| 00| 0 | ||
| 007 | ta | ||
| 008 | 221006b |||||||| |||| 00| 0 hin d | ||
| 024 | _a7,546 | ||
| 037 | _cDissertations | ||
| 040 |
_aFML _cFML _bhin |
||
| 041 |
_2hin _ahin |
||
| 100 |
_aVig Manu Au. _9677781 |
||
| 110 |
_aKurukshetra University. Faculty of Music and Fine Arts. Department of Music _9677667 |
||
| 245 | 0 | _aBharatiya Shashtriya Sangeet Main Nihit Rasatmak Tatvo Ke Aadhar Per Kathak Nritya Ki Parivartit Rooprekha Ka Vivechan | |
| 260 | _c2001 | ||
| 300 |
_a365 _ccm. |
||
| 700 |
_aKurukshetra University. Faculty of Music and Fine Arts. Department of Music _9677668 |
||
| 942 |
_cDIS _2CC |
||
| 999 |
_c1117667 _d1117667 |
||